[Event "FIDE WCC 2018"]
[Site "Khanty-Mansiysk"]
[Date "2018.11.03"]
[Round "1.1"]
[White "Muzychuk, Anna"]
[Black "Hamid, Rani"]
[Result "1-0"]
[WhiteElo "2564"]
[BlackElo "1935"]
[Annotator "TA"]
[PlyCount "67"]
[EventDate "2018.11.03"]
[EventType "k.o."]
[EventCountry "RUS"]
[SourceTitle "playchess.com"]
[Source "ChessBase"]
[SourceQuality "1"]

{[%evp 20,67,54,52,86,72,92,88,122,116,143,142,280,239,289,281,279,274,419,419,570,570,566,558,552,548,800,800,844,854,841,843,839,849,810,803,1140,1087,1046,625,621,599,622,627,599,587,643,646,1024,1012]} 1. e4 c5 2. Nf3 e6 3. c4 Nc6 4. Nc3 d6 5. d4 cxd4 6. Nxd4 Nf6 7. Be2 Be7 8. Be3 O-O 9. O-O Nxd4 10. Qxd4 b6 11. Rfd1 {LiveBook: 5 Games. B54: Sicilian: 2...d6 3 d4 cxd4 4 Nxd4, Unusual Lines} e5 (11... Bb7 12. f3 Qc8 13. Rac1 Rd8 14. Kh1 Nd7 15. Nb5 Ne5 16. b4 Qb8 17. Qb2 a6 18. Nd4 Nd7 {½-½ (39) Jankovic,A (2569)-Loncar,R (2424) Rijeka 2010}) 12. Qd2 Bb7 $146 ({Predecessor:} 12... Ng4 13. Bxg4 Bxg4 14. f3 Be6 15. b3 f5 16. exf5 Rxf5 17. Nb5 d5 18. cxd5 Bd7 {1-0 (29) Delithanasis,D (2259)-Poteas,I (2152) Athens 2003}) 13. f3 {White is better.} Qd7 14. a4 Ba6 15. a5 Qc7 (15... Qb7 $16 16. Ra4 Qb8) 16. axb6 $18 axb6 17. c5 {[%cal Rc5d6,Bc4c5,Bc5b6,Bb6b7][%mdl 32]} Bxe2 18. cxb6 Qb7 (18... Qd8 $142) 19. Qxe2 ({Less strong is} 19. Nxe2 d5 $16) 19... Nd7 20. Nd5 {White is clearly winning.} Bd8 21. Rxa8 Qxa8 22. Qb5 {[#] And now b7 would win.} Nb8 23. b7 Qa2 24. Rc1 f5 25. exf5 h6 26. Rc8 Qb1+ 27. Qf1 Qxb2 28. Rxb8 Qb3 29. Rc8 Qxb7 30. Qc4 Kh7 31. f6 Qb1+ 32. Qc1 Qxc1+ 33. Bxc1 g5 34. Ba3 {Precision: White = 100%, Black = 25%.} 1-0

[Event "FIDE WCC 2018"]
[Site "Khanty-Mansiysk"]
[Date "2018.11.03"]
[Round "1.1"]
[White "Koneru, Humpy"]
[Black "Toubal, Hayat"]
[Result "1-0"]
[WhiteElo "2548"]
[BlackElo "1870"]
[Annotator "TA"]
[PlyCount "91"]
[EventDate "2018.11.03"]
[EventType "k.o."]
[EventCountry "RUS"]
[SourceTitle "playchess.com"]
[Source "ChessBase"]
[SourceQuality "1"]

{[%evp 15,91,25,17,0,27,25,30,31,39,11,67,29,40,-20,6,8,16,18,70,69,116,120,110,95,128,93,89,88,93,93,112,100,183,190,211,209,248,242,277,271,341,332,344,309,458,451,416,260,264,262,361,310,379,355,1141,1001,29990,423,29991,29992,29998,29996,29996,29997,29997,29991,29991,29992,29992,29993,29993,29994,29994,29995,29995,29996,29997,1224]} 1. d4 d5 2. c4 e6 3. Nc3 c6 4. e3 f5 5. Bd3 Nf6 6. Nge2 Bd6 7. f3 b6 {A84: Dutch Defence: 2 c4 Miscellaneous} (7... O-O 8. Qc2 Nbd7 9. Bd2 dxc4 10. Bxc4 Nb6 11. Bb3 Kh8 12. O-O-O Qe7 13. e4 fxe4 14. Nxe4 Nxe4 15. Qxe4 e5 16. dxe5 Qxe5 {½-½ (32) Koneru,H (2557)-Dzagnidze,N (2509) Batumi 2018}) 8. O-O O-O {LiveBook: 9 Games} 9. b3 Ba6 $146 {The position is equal.} ({Predecessor:} 9... Qc7 10. g3 h5 11. e4 fxe4 12. fxe4 dxe4 13. Nxe4 Nxe4 14. Rxf8+ Kxf8 15. Bxe4 Kg8 16. Bf4 Bxf4 17. Nxf4 h4 18. Qh5 Qd7 19. Qh7+ Kf8 20. Ng6+ Ke8 21. Qg8# {1-0 (21) Baciu,A (1755)-Olinici,E (1399) Iasi 2013}) 10. Bb2 Qe7 11. Qd2 Bb7 12. a3 a5 (12... Nbd7 $11) 13. Na4 Nbd7 14. Rfc1 ({White should play} 14. cxd5 $14 exd5 15. Bxf5) 14... Rfc8 {[#]} 15. Nxb6 $1 {[%mdl 512]} Nxb6 16. c5 Bxh2+ ({Black should try} 16... a4 $11) 17. Kxh2 $14 Qc7+ 18. Kg1 Nbd7 19. Bc3 $36 {[%mdl 2048] Black is under strong pressure.} h6 20. Nf4 Nf8 21. Bc2 g5 22. Nd3 Ng6 23. Ne5 Ne7 (23... Qg7 $16 {was called for.}) 24. Kf2 {[%cal Bg1f2,Bf2e1,Be1d1][%mdl 32]} Kg7 25. a4 Rf8 26. Rh1 Neg8 27. Rag1 Ne7 28. Ke1 Rh8 29. Kd1 Bc8 (29... Nd7 {was necessary.} 30. Nxd7 Qxd7 31. Bxa5 h5) 30. g4 $18 fxg4 31. Nxg4 Nxg4 32. Rxg4 ({Don't take} 32. fxg4 Ng8 $18) 32... e5 33. Rg2 Be6 34. dxe5 Rhf8 $2 {[#]} (34... Raf8 35. Ke2 Qc8 36. Bxa5 d4 37. exd4 Bf5) 35. Rxg5+ $3 {[%mdl 512]} hxg5 36. Rh7+ Kg8 37. Qh2 {White mates.} Qd8 38. Rh8+ Kf7 39. Qh5+ Ng6 40. Rh7+ Ke8 41. Bxg6+ Bf7 42. Bxf7+ Kd7 {[#]} 43. Be6+ $1 Kxe6 44. Qg6+ Rf6 45. exf6 Qf8 46. Re7+ {Precision: White = 69%, Black = 26%.} (46. e4 $142 Qxc5 47. Qf7+ Kd6 48. Qe7#) 1-0

[Event "FIDE WCC 2018"]
[Site "Khanty-Mansiysk"]
[Date "2018.11.03"]
[Round "1.1"]
[White "Goryachkina, Aleksandra"]
[Black "Ouellet, Maili-Jade"]
[Result "1/2-1/2"]
[WhiteElo "2534"]
[BlackElo "2125"]
[Annotator "TA"]
[PlyCount "91"]
[EventDate "2018.11.03"]
[EventType "k.o."]
[EventCountry "RUS"]
[SourceTitle "playchess.com"]
[Source "ChessBase"]
[SourceQuality "1"]

{[%evp 19,91,21,33,7,-3,-21,-22,-14,35,-66,0,-22,58,-20,-24,-30,-16,-31,0,-41,-36,-32,6,13,13,7,140,11,80,16,62,27,35,28,92,92,85,75,158,177,206,0,0,-45,-43,-114,0,-87,-56,-68,-38,-237,-224,-200,-129,-150,-87,-90,0,0,0,0,0,0,0,0,0,0,0,0,0,0,0,0]} 1. d4 d5 2. c4 e6 3. Nf3 Nf6 4. Nc3 Be7 5. Bg5 O-O 6. e3 h6 7. Bxf6 Bxf6 8. Qc2 c6 9. O-O-O Nd7 10. h4 g6 11. g4 {D55: Queen's Gambit Declined: 4 Bg5 Be7: Lines without ...h6 and 6...h6 7 Bxf6} (11. Kb1 Bg7 12. g4 Qe7 13. cxd5 exd5 14. Bd3 Nb6 15. Rhg1 Bd7 16. Ne5 Bxe5 17. dxe5 Qxe5 18. f4 Qxe3 19. Bxg6 Qxf4 20. g5 fxg6 21. Qxg6+ Kh8 22. Qxh6+ Kg8 23. Qg6+ Kh8 24. Qh6+ Kg8 25. Qg6+ {½-½ (25) Tomashevsky,E (2696)-Svidler,P (2755) Moscow 2017}) 11... Bg7 12. g5 h5 $1 13. Kb1 {[#]} Qa5 $146 ({Predecessor:} 13... Qe7 14. e4 dxc4 15. Bxc4 b5 16. Bd3 c5 17. Bxb5 Rb8 18. Rhe1 Nb6 {0-1 (40) Atabayev,S (2443)-Kazhgaleyev,M (2582) Batumi 2018}) 14. e4 (14. Nd2 $14) 14... dxe4 15. Nxe4 e5 ({Black should play} 15... Qc7 $11) 16. d5 (16. c5 $14) 16... Nc5 $11 17. Bh3 Bxh3 18. Rxh3 Rad8 19. Nf6+ Bxf6 $1 20. gxf6 Rd6 21. Nxe5 Rxf6 22. Rg3 {[%cal Re5g6]} Re8 {[#]} (22... Qc7 $11 23. f4 Re8) 23. f4 ({White has to play} 23. Nxg6 $1 $16 {[%mdl 512]} fxg6 (23... Rxg6 24. Rxg6+) 24. Rxg6+ Kf7 25. Rxf6+ Kxf6 26. Qc1 cxd5 27. Qg5+ (27. cxd5 Ke7 $11) 27... Kf7 28. Qxh5+ Kf8 29. Qf5+ (29. Qxd5 Re1 $11) 29... Ke7 30. h5 (30. Qxd5 b6 $16) (30. cxd5 Kd8 $11)) 23... cxd5 {[#]} (23... Kg7 $1 $11) 24. cxd5 ({White should try} 24. Nxg6 $1 $16 {[%mdl 512]} fxg6 (24... Rxg6 25. Rxg6+) 25. Rxg6+ Kf7 26. Rgg1) 24... Qb4 25. d6 {[%cal Re5g6] Nxg6! is the strong threat.} Rd8 $1 {[%cal Rd8d6]} 26. d7 {Black must now prevent f5.} Kg7 {[#]} (26... Qe4 $11 {keeps the balance.}) 27. Rc3 $1 $16 {[%cal Rc3c5]} Ne6 28. Rc4 Qe7 (28... Qa5 $142) 29. Qc3 Kh7 30. Re1 $2 (30. Qf3 $18) 30... Rf5 $11 31. Rc8 Rxf4 32. Qg3 {[#]} ({Better is} 32. Nd3 $15 Rf3 33. Rxd8 Qxd8 34. Qc4) 32... Rf6 (32... Qf6 $1 $17 33. a3 Kg7) 33. Rec1 (33. Rxd8 $11 Qxd8 34. Qd3) 33... Rf5 $17 {aiming for ...Qd6.} 34. Re1 $1 Qf6 35. Rxd8 $2 (35. a3 $1 $15) 35... Nxd8 $19 36. a3 Qd6 37. Qe3 Ne6 (37... b6 $142 38. Ka1 Ne6) 38. Qc3 $17 f6 (38... Qd5 $17) 39. Nxg6 $1 $11 {The position is equal.} Kxg6 40. Qc8 Qd3+ 41. Ka2 Rf1 42. Qe8+ Kh6 43. Qxe6 {Intending Rxf1 and mate.} Rxe1 $1 44. Qxf6+ Kh7 {Hoping for ...Qc4+.} 45. Qf7+ Kh6 {( -> ...Qb1+)} 46. Qf6+ {Precision: White = 33%, Black = 36%.} 1/2-1/2

[Event "FIDE WCC 2018"]
[Site "Khanty-Mansiysk"]
[Date "2018.11.03"]
[Round "1.1"]
[White "Tan, Zhongyi"]
[Black "Sun, Fanghui"]
[Result "1-0"]
[WhiteElo "2513"]
[BlackElo "2183"]
[Annotator "TA"]
[PlyCount "61"]
[EventDate "2018.11.03"]
[EventType "k.o."]
[EventCountry "RUS"]
[SourceTitle "playchess.com"]
[Source "ChessBase"]
[SourceQuality "1"]

{[%evp 18,61,40,47,77,37,43,45,64,37,54,25,48,10,49,35,53,51,45,45,68,68,70,68,80,77,89,78,78,78,135,134,137,84,176,145,300,293,291,282,461,489,476,454,440,414]} 1. Nf3 Nf6 2. g3 d5 3. Bg2 c6 4. O-O e6 5. d4 Be7 6. c4 O-O 7. Qc2 Ne4 8. Nbd2 f5 9. Ne5 Nd7 10. Ndf3 {LiveBook: 6 Games} Ng5 {A92: Classical Dutch: Classical Stonewall (with ...Be7): Early deviations} (10... Bf6 11. b3 Qc7 12. Bb2 Nxe5 13. Nxe5 Rd8 14. Rad1 b6 15. f3 Ng5 16. cxd5 Bxe5 17. dxe5 exd5 18. f4 Ne4 19. Bxe4 fxe4 {1-0 (36) Costachi,M (2418)-Ugroczky,P (2269) Mamaia 2017}) 11. b3 Nxf3+ 12. Nxf3 a5 $146 {[%cal Ba7a5,Ba5a4][%mdl 32] White is slightly better.} ({Predecessor:} 12... Nf6 13. Bg5 h6 14. Bf4 g5 15. Bc1 Bd7 16. Ne5 Be8 17. Bb2 Nd7 18. Nd3 {½-½ (54) Johansson,P (2115)-Lie,E Gausdal 1999}) 13. Bb2 a4 14. Rad1 Nf6 15. c5 Bd7 16. b4 b5 17. Ne5 Be8 18. f3 $36 {[%mdl 2048] White is more active.} Qc8 19. e4 Nd7 20. Nd3 Bg5 21. Bc1 {[%cal Bb2c1,Bc1f4,Bf4d6][%mdl 32]} Qd8 22. Nf4 Bxf4 23. Bxf4 Bh5 (23... fxe4 $142 24. fxe4 Bg6) 24. Bd6 Rf7 {Black wants to play ...fxe4.} 25. Rde1 ({White should play} 25. exf5 exf5 26. Rfe1) 25... Qf6 {[#]} (25... fxe4 $16 26. fxe4 Rxf1+ 27. Rxf1 Qe8) 26. Qd2 $1 $18 {Black must now prevent g4!} h6 $2 {[#]} (26... Qd8 $16 27. exd5 exd5) 27. g4 $1 {[%mdl 512]} Bg6 (27... fxg4 28. fxg4) 28. gxf5 Bh7 $2 (28... exf5 {keeps fighting.} 29. exd5 cxd5) 29. fxe6 {White is clearly winning.} Qxe6 30. exd5 Qxd5 31. f4 {Precision: White = 53%, Black = 31%.} 1-0

[Event "FIDE WCC 2018"]
[Site "Khanty-Mansiysk"]
[Date "2018.11.03"]
[Round "1.1"]
[White "Harika, Dronavalli"]
[Black "Khukhashvili, Sopiko"]
[Result "1/2-1/2"]
[WhiteElo "2498"]
[BlackElo "2316"]
[Annotator "TA"]
[PlyCount "121"]
[EventDate "2018.11.03"]
[EventType "k.o."]
[EventCountry "RUS"]
[SourceTitle "playchess.com"]
[Source "ChessBase"]
[SourceQuality "1"]

{[%evp 11,121,28,47,54,49,41,46,38,37,39,71,61,58,58,74,43,47,51,56,45,64,61,90,86,96,90,91,89,91,91,91,95,93,88,99,88,91,23,16,12,21,27,28,18,16,18,21,23,17,3,3,3,5,5,6,0,0,0,0,0,0,0,2,0,0,0,0,0,0,0,0,0,0,0,16,0,0,0,0,0,8,0,0,0,0,0,0,0,0,0,0,0,0,0,8,8,8,15,29,0,0,0,0,0,0,0,8,0,0,0,0,0]} 1. e4 c5 2. Nf3 d6 3. Bb5+ Nd7 4. O-O Ngf6 5. Re1 a6 6. Bf1 Ne5 7. Nxe5 {B51: Sicilian: Moscow Variation (3 Bb5+) without 3...Bd7} (7. d3 Bg4 8. Nbd2 Nxf3+ 9. Nxf3 e6 10. h3 Bh5 11. c3 Be7 12. Be3 O-O 13. Be2 d5 14. Nd2 Bg6 {1-0 (85) Zhou,W (2603)-Sutovsky,E (2666) Khanty-Mansiysk 2009}) 7... dxe5 8. d3 Bg4 $146 ({Predecessor:} 8... g6 9. Be3 Qc7 10. h3 Bg7 11. Nc3 O-O 12. Qd2 Rd8 13. b3 b5 14. Qc1 Bb7 {1-0 (47) Kjartansson,D (2260)-Bergsson,S (2144) Reykjavik 2006}) 9. Be2 {White is slightly better.} Bxe2 10. Qxe2 g6 11. a4 b6 12. Be3 Qc7 13. Ra3 {[%cal Ba1a3,Ba3b3,Bb3b5][%mdl 32]} Nd7 14. Nd2 Rc8 15. Rea1 Bg7 16. Nc4 a5 17. c3 Ra8 18. Rb3 O-O 19. Rb5 Qc6 20. Qd1 Ra6 21. Rb1 Rfa8 22. h3 h6 23. Bd2 Kh7 24. b4 ({Better is} 24. Qf3 $16) 24... axb4 $11 25. cxb4 Rxa4 26. bxc5 Ra1 $1 27. Rxa1 Rxa1 28. Qxa1 Qxb5 29. cxb6 Nxb6 30. Qb2 (30. Qa2 {with more complications.} Nd7 31. Be3 Nf8 32. g3 Ne6 33. Qa3) 30... Qxb2 31. Nxb2 {[%mdl 4096] Endgame KBN-KBN} Nd7 32. Kf1 g5 33. Nc4 Nc5 34. Ke2 Ne6 35. g3 Nd4+ 36. Kf1 Nc6 37. Bc3 Kg6 38. Ke2 e6 39. Na5 Na7 40. Nc4 Nc6 41. Kd1 h5 42. Na5 Nb8 43. Ke2 g4 44. hxg4 hxg4 45. Bb4 f6 46. Bd6 Nd7 47. Nb7 Bf8 48. Bxf8 Nxf8 {KN-KN} 49. Nc5 f5 50. Kd2 Kf6 51. Kc3 Ke7 52. d4 Kd6 53. Nb7+ Kc7 $1 {[%cal Rc7b7]} 54. Na5 Nd7 55. dxe5 Nxe5 {The position is equal.} 56. Nb3 Nf3 57. Kd3 Kd6 58. Ke3 Ng5 59. Nd2 Ke5 {[%cal Rg5e4]} 60. exf5 exf5 61. f4+ {Precision: White = 60%, Black = 70%.} 1/2-1/2

[Event "FIDE WCC 2018"]
[Site "Khanty-Mansiysk"]
[Date "2018.11.03"]
[Round "1.1"]
[White "Paehtz, Elisabeth"]
[Black "Alinasab, Mobina"]
[Result "0-1"]
[WhiteElo "2495"]
[BlackElo "2236"]
[Annotator "TA"]
[PlyCount "161"]
[EventDate "2018.11.03"]
[EventType "k.o."]
[EventCountry "RUS"]
[SourceTitle "playchess.com"]
[Source "ChessBase"]
[SourceQuality "1"]

{[%evp 10,161,29,4,34,24,56,38,38,38,38,44,44,40,39,47,64,54,78,47,39,37,47,45,74,34,34,31,53,54,49,37,29,25,62,60,69,41,50,38,101,83,93,97,77,26,62,0,0,-125,-134,-222,-240,-225,-235,-252,-265,-281,-280,-300,-299,-305,-291,-281,-219,-265,-256,-286,-277,-257,-174,-208,-173,-175,-175,-263,-278,-364,-358,-448,-448,-459,-452,-370,-331,-366,-321,-216,-30,-30,-30,-30,-38,-38,0,-347,0,0,0,0,0,0,0,-12850,-12851,-12851,-12851,-12851,-12851,-12851,-12851,-12851,-12851,-12851,-12851,-12851,-12851,-12851,-12851,-12851,-12851,-12851,-12851,-12851,-12851,-12851,-12851,-12851,-12851,-12851,-12851,-12851,-12851,-12851,-12851,-12851,-12851,-12851,-12851,-12851,-12851,-12851,-12851,-12851,-12851,-12851,-12851,-12851,-12851,-12851,-12851,-12851,-29973,-12851]} 1. d4 d5 2. Nf3 Nf6 3. c4 dxc4 4. Qa4+ Nc6 5. e3 Nd5 (5... Nd7 6. Bxc4 Nb6 7. Qb3 Nxc4 8. Qxc4 e6 9. O-O Bd6 10. Rd1 O-O 11. Nc3 Qe7 12. e4 e5 13. Nd5 {1-0 (53) Epishin,V (2557)-Levin,F (2530) Helmond 2016}) 6. Qxc4 {LiveBook: 4 Games. D23: Queen's Gambit Accepted: 3 Nf3 Nf6 sidelines} Bf5 (6... e5 $5) 7. a3 Qd6 $146 ({Predecessor:} 7... Qd7 8. Bd2 e6 9. Be2 Be7 10. O-O g5 11. b4 a6 12. Nc3 Rd8 13. e4 {0-1 (48) Major,V (2156)-Jahnz,F (2201) Berlin 2014}) 8. Nbd2 {White is slightly better.} Nb6 9. Qc3 e6 10. Be2 Be7 11. O-O O-O 12. b3 Bf6 13. Bb2 Rfd8 14. Rad1 Bg6 15. h3 Qe7 16. Bb5 Rd6 17. Nc4 Nxc4 18. bxc4 a6 19. Ba4 Rdd8 20. Bc2 Bxc2 21. Qxc2 Nb8 22. e4 {[%cal Be3e4,Be4e5][%mdl 32]} Qe8 23. e5 Be7 24. d5 h6 (24... Nd7 $14) 25. Nd4 $1 $16 exd5 26. cxd5 Rxd5 27. Qb3 (27. e6 $16 {And now Qb3 would win.} Bf8 28. Qxc7 fxe6 29. Qxb7) 27... Rc5 28. Nf5 ({Better is} 28. e6 $1 $14 f6 29. Qxb7) 28... Bf8 $1 $11 29. a4 (29. Qg3 $11 {remains equal.}) 29... Nc6 $17 30. f4 {[#]} (30. Ne3 $17 {was worth a try.}) 30... Qe6 $1 $19 {[%cal Re6b3]} 31. Qxe6 fxe6 32. Ng3 Rc2 33. Ba1 Rd8 34. f5 exf5 35. Nxf5 Rxd1 36. Rxd1 Re2 37. Kf1 Re4 38. g4 Rxa4 39. e6 Re4 40. Rd7 {[%cal Ra1g7]} Rxe6 41. Bxg7 {[#]} Ne7 $1 {[%cal Re7f5] aiming for ...Nxf5.} 42. Bxf8 (42. Rxc7 $142 Nxf5 43. gxf5) 42... Kxf8 43. Rxc7 Nxf5 44. gxf5 {[%mdl 4096] Endgame KR-KR} Re7 45. Rc8+ Kg7 46. Kg2 Kf6 47. Rh8 Kg5 48. Kf3 Re5 $2 ({Black should try} 48... Kxf5 $19 {White must now prevent ...Re6.} 49. Rxh6 Re6) 49. h4+ $1 $11 Kxf5 {Threatens to win with ...Kg6.} 50. Rxh6 Re6 51. Rh7 b5 52. Rb7 $2 {[%mdl 8192]} (52. Rh8 $11) 52... Kg6 $2 (52... Rh6 $19 53. Kg3 Rg6+ 54. Kh3 Re6) 53. Kf4 Kh5 {Strongly threatening ...Rc6.} 54. Rb8 Rc6 {...Rc4+ is the strong threat.} 55. Rh8+ Rh6 56. Rb8 $2 {[%mdl 8192]} (56. Rd8 $11) 56... Kxh4 $19 57. Ke5 Kg3 58. Kd5 Kf3 59. Re8 Rh4 60. Re6 Ra4 61. Kc5 Rc4+ 62. Kd5 Ra4 63. Kc5 b4 64. Kc4 a5 65. Kb3 Ra3+ 66. Kb2 Re3 67. Ra6 Re5 68. Kb3 Ke3 69. Rd6 Rc5 70. Ka4 Ke4 71. Rd1 Rh5 72. Rg1 Rf5 73. Rd1 Re5 74. Rd2 Rd5 75. Rh2 Ke3 76. Rg2 Rc5 77. Rh2 Kd3 78. Rh3+ Kc2 79. Rh5 Rc4 80. Rc5 Rc3 81. Rc8 {Precision: White = 42%, Black = 52%.} 0-1

[Event "FIDE WCC 2018"]
[Site "Khanty-Mansiysk"]
[Date "2018.11.03"]
[Round "1.1"]
[White "Zhao, Xue"]
[Black "Lujan, Carolina"]
[Result "1-0"]
[WhiteElo "2478"]
[BlackElo "2364"]
[Annotator "TA"]
[PlyCount "89"]
[EventDate "2018.11.03"]
[EventType "k.o."]
[EventCountry "RUS"]
[SourceTitle "playchess.com"]
[Source "ChessBase"]
[SourceQuality "1"]

{[%evp 16,89,8,17,19,0,4,0,1,0,76,72,83,81,75,77,83,65,82,94,84,81,87,87,95,92,91,73,112,112,116,116,112,97,103,108,243,245,241,244,234,242,237,238,259,243,250,236,323,260,265,258,320,299,377,375,466,470,453,430,470,458,448,439,453,439,688,681,686,682,621,612,680,656,2293,2186]} 1. d4 Nf6 2. c4 e6 3. g3 d5 4. Nf3 Be7 5. Bg2 O-O 6. Qc2 dxc4 7. Qxc4 a6 8. Bf4 Nd5 {E06: Closed Catalan: Early deviations} (8... Bd6 9. Ne5 Nd5 10. Nc3 Nxf4 11. gxf4 Nd7 12. e3 Nb6 13. Qb3 f5 14. h4 a5 15. a3 c6 16. h5 {1-0 (55) Vitiugov,N (2729)-Fedoseev,V (2684) Karlsruhe 2017}) 9. O-O {LiveBook: 11 Games} Bd7 10. Nc3 Nxf4 {The position is equal.} 11. gxf4 Bc6 $146 ({Predecessor:} 11... Bd6 12. e3 Bc6 13. Qd3 h6 14. Rfd1 Nd7 15. Rac1 Qe7 16. Qf1 {1-0 (39) Brunner,L (2290)-Konieczka,F (2240) Germany 1985}) 12. Rfd1 Bd6 (12... Nd7 $11) 13. d5 $16 exd5 14. Nxd5 Bxd5 15. Qxd5 Nc6 16. e3 Qf6 17. Ng5 Rab8 18. Qb3 Ne7 19. Ne4 Qg6 20. Nxd6 cxd6 21. Qd3 Nf5 22. Kh1 $36 {[%mdl 2048] White has strong initiative.} Qh5 23. Qd5 {aiming for e4.} Rbc8 24. b4 {Strongly threatening e4.} g6 25. Be4 Ng7 (25... Rfe8 $16 26. a3 (26. Qxb7 Nh6 $16) 26... b5 27. Bxf5 Qxf5) 26. Qxh5 $18 ({Less strong is} 26. Qxb7 Rb8 $16) 26... Nxh5 27. Bxb7 ({Resist} 27. Rxd6 $6 Rc7) 27... Rb8 28. Bxa6 Rxb4 29. Rxd6 Ra4 30. Rc6 Ng7 31. Bc4 Nf5 32. Bb3 Ra7 33. Rac1 Nh4 34. h3 Ra5 35. R1c5 Rfa8 36. Rxa5 {White is clearly winning.} Rxa5 {[%mdl 4096] Endgame KRB-KRN} 37. Rc7 Rf5 38. a4 {[%cal Ba2a4,Ba4a5,Ba5a6][%mdl 32]} Nf3 39. Kg2 Nd2 40. Ba2 Rf6 (40... Ra5 $142 41. Bxf7+ Kh8) 41. f3 Rb6 42. Rc2 Nb1 43. a5 Rb5 44. a6 Nc3 45. Bc4 {Precision: White = 92%, Black = 51%.} 1-0

[Event "FIDE WCC 2018"]
[Site "Khanty-Mansiysk"]
[Date "2018.11.03"]
[Round "1.1"]
[White "Saduakassova, Dinara"]
[Black "Matnadze, Ana"]
[Result "1/2-1/2"]
[WhiteElo "2474"]
[BlackElo "2372"]
[Annotator "TA"]
[PlyCount "95"]
[EventDate "2018.11.03"]
[EventType "k.o."]
[EventCountry "RUS"]
[SourceTitle "playchess.com"]
[Source "ChessBase"]
[SourceQuality "1"]

{[%evp 15,95,22,32,5,20,31,116,116,116,131,104,-18,-18,-37,-37,-33,-33,-21,0,-98,-101,-127,-42,-47,-50,-35,-36,-66,-71,-71,-65,-73,-66,-76,-86,-76,-44,-62,0,-80,-72,-110,-68,-83,-75,-134,-132,-402,-411,-402,-393,-640,-635,-5806,-185,-189,-171,-166,-161,-164,-138,-138,-145,-104,-106,-181,-150,-199,0,0,0,0,0,0,0,0,0,0,0,0,0,0]} 1. d4 Nf6 2. c4 e6 3. Nf3 d5 4. Nc3 c6 5. Bg5 Be7 6. e3 O-O 7. Qc2 Nbd7 8. cxd5 Nxd5 {LiveBook: 14 Games. D61: Queen's Gambit Declined: Classical: 7 Qc2} (8... exd5 9. Bd3 Re8 10. O-O Nf8 11. Rae1 Be6 12. Ne5 N6d7 13. Bxe7 Rxe7 14. f4 f6 15. Nf3 Nb6 16. f5 Bf7 17. g4 h6 18. h4 Qd6 19. Qg2 Rae8 20. e4 dxe4 21. Nxe4 Qd8 {1-0 (31) Mamedyarov,S (2752)-Gurevich,M (2627) Heraklio 2007 CBM 121 [Ftacnik,L]}) 9. Nxd5 Bxg5 $146 ({Predecessor:} 9... exd5 10. Bxe7 Qxe7 11. Bd3 Qb4+ 12. Kf1 f5 13. Bxf5 Nf6 14. Bxc8 Raxc8 15. a3 Qb5+ 16. Qe2 Qb3 17. h3 Ne4 18. Kg1 Qb6 {1-0 (49) Carneiro,C (2245)-Vitor,A (2225) Lisbon 1995}) 10. h4 cxd5 (10... Be7 $14 11. Nxe7+ (11. Ng5 Bxg5 12. hxg5 h6 $15) 11... Qxe7) 11. hxg5 $16 {[%csl Gh1][%cal Rc2h7]} g6 12. Bd3 Re8 13. O-O-O (13. Qc3 $16) 13... e5 $1 $11 {[%cal Re5e4]} 14. dxe5 Nxe5 15. Nxe5 Rxe5 16. Kb1 $1 Be6 17. Qc3 (17. Qd2 $11 {remains equal.} d4 18. e4) 17... d4 18. exd4 Rxg5 (18... Rc8 $1 $17 {[%cal Rc8c3]} 19. Qb4 (19. Qxc8 $2 Bxa2+ 20. Ka1 Qxc8 $17) 19... Qd5) 19. Be4 $15 Bd5 20. Qe3 h5 21. g3 Qd7 22. Rhe1 Bxe4+ $1 23. Qxe4 Rd8 24. Qd3 Rd5 {[%cal Rd5d4]} 25. Re4 Qa4 26. Qc2 Qd7 ({Better is} 26... Qa6 $15) 27. a3 (27. Qd3 $11) 27... b5 $17 28. Qd3 Qf5 29. f4 a5 {[%cal Ba7a5,Ba5b4,Bb4b3][%mdl 32]} 30. Ka1 (30. Ka2 $142) 30... b4 31. axb4 $2 {[%mdl 8192]} (31. Ka2 $17) 31... axb4 $19 32. Kb1 b3 33. Kc1 $2 (33. Rc1 Rxd4 34. Rxd4 Qxd3+ 35. Rxd3 Rxd3 36. Rc3 Rxc3 37. bxc3) 33... Rc8+ 34. Kb1 Ra8 $2 (34... Ra5 {( -> ...Ra1+!)} 35. d5 Rca8) 35. Re5 {[#]} Rda5 $1 {[%cal Ra5a1]} 36. Rxa5 Qxa5 {[%csl Ga8][%cal Ra5a1]} 37. Qxb3 {[%mdl 4096] Endgame KQR-KQR} Qa1+ 38. Kc2 Rc8+ {[%mdl 1024] Black has strong compensation.} 39. Kd2 Qa5+ 40. Ke3 {[#]} (40. Ke2 $17) 40... Qf5 $1 {Strongly threatening ...Qh3.} ({Not} 40... Re8+ 41. Kf2 $11) 41. d5 {[%cal Bd4d5,Bd5d6,Bd6d7][%mdl 32]} h4 $2 ({Black should play} 41... Qh3 $19 42. Kf3 Qg4+ 43. Kf2 h4) 42. d6 $1 $36 {[%mdl 2048] The position is equal. White is more active.} Re8+ 43. Kf2 Qc5+ 44. Kf3 hxg3 45. d7 Qf2+ 46. Kg4 Rd8 {...g2 is the strong threat.} 47. Qxg3 Qxb2 48. Qf3 {Precision: White = 39%, Black = 62%.} 1/2-1/2